[Event "British Chess Championships 2023: PM Tournament U1450"]
[Site "The Venue, De Montfort University, 20 Western Boulevard, Leicester, LE2 7BU"]
[Date "2023.07.27"]
[Round "4"]
[Board "7"]
[White "Fong, Po-Yu"]
[Black "Walsh, Shaun"]
[Result "0-1"]
[WhiteElo "1066"]
[BlackElo "1323"]
[PlyCount "118"]
[EventDate "2023.07.24"]
[EventRounds "6"]
[EventCountry "ENG"]

1. e4 e6 2. Nf3 d5 3. exd5 exd5 4. Be2 c6 5. d4 Bd6 6. O-O Nf6 7. c4 O-O 8. c5 Be7
9. Nbd2 Bg4 10. h3 Bh5 11. b4 b5 12. Nb3 Ne4 13. Qd3 Bg6 14. Ne5 Nxc5 15. Qf3 Ne4
16. Nxg6 fxg6 17. Qd3 Bxb4 18. a3 Be7 19. g3 Nd7 20. Kg2 Qc7 21. Bf4 Bd6 22. Nc5
Bxf4 23. Ne6 Qd6 24. Nxf4 Nb6 25. f3 Nf6 26. Ra2 Nc4 27. Re1 Rfe8 28. Kf2 Re3 29.
Qd1 Rxa3 30. Rxa3 Nxa3 31. Bd3 Re8 32. h4 Nc4 33. Rxe8+ Nxe8 34. Qe1 Kf8 35. h5 gxh5
36. Bxh7 Nc7 37. Ng6+ Kf7 38. Nh4 Qe6 39. Bg6+ Kg8 40. Qa1 a5 41. Bf5 Qe3+ 42. Kg2
a4 43. Bd7 g5 44. g4 gxh4 45. Kh3 Qxf3+ 46. Kxh4 hxg4 47. Bxg4 Qf6+ 48. Kg3 a3 49.
Qb1 Qxd4 50. Qg6+ Qg7 51. Qxc6 a2 52. Qb7 a1=Q 53. Qc8+ Qf8 54. Bh5 Qxc8 55. Kh4
Qd8+ 56. Kh3 Qa3+ 57. Kg4 Qdf8 58. Bg6 Qaf3+ 59. Kh4 Q8f6#  0-1

[Event "British Chess Championships 2023: PM Tournament U1450"]
[Site "The Venue, De Montfort University, 20 Western Boulevard, Leicester, LE2 7BU"]
[Date "2023.07.28"]
[Round "5"]
[Board "1"]
[White "Dunne, David C"]
[Black "Vyas, Rayaan"]
[Result "1/2-1/2"]
[WhiteElo "1448"]
[BlackElo "1213"]
[PlyCount "124"]
[EventDate "2023.07.24"]
[EventRounds "6"]
[EventCountry "ENG"]

1. e4 c5 2. Nf3 d6 3. d4 cxd4 4. Nxd4 Nf6 5. Nc3 g6 6. Be3 Bg7 7. f3 Nc6 8. Bc4 O-O
9. Qd2 Nxd4 10. Bxd4 Qc7 11. Bb3 Be6 12. Bxe6 fxe6 13. h4 Qa5 14. O-O-O Rfc8 15.
Kb1 Rc6 16. g4 h5 17. gxh5 Qxh5 18. Qg2 Kf7 19. Rdg1 Bh6 20. Ne2 Rg8 21. Qf2 b6 22.
Ng3 Qa5 23. f4 e5 24. fxe5 dxe5 25. Bc3 Qc5 26. Qe2 Qe3 27. Bxe5 Qxe2 28. Nxe2 Nxe4
29. Nd4 Nd2+ 30. Ka1 Rc5 31. Bg3 Be3 32. Rd1 Bxd4 33. Rxd2 e5 34. c3 Be3 35. Rd7+
Ke6 36. Rxa7 Bf4 37. Bf2 Rc6 38. Ra6 Rb8 39. a4 e4 40. Rg1 Kf5 41. b4 Rxc3 42. Bxb6
Be3 43. Bxe3 Rxe3 44. b5 Rh3 45. Rg5+ Kf4 46. Rf6+ Ke3 47. Rfxg6 Rxh4 48. Rg3+ Kd2
49. Rd6+ Ke2 50. Re6 Ra8 51. Rg2+ Kf3 52. Ra2 Rh1+ 53. Kb2 Rh2+ 54. Kb3 Rxa2 55.
Kxa2 Rxa4+ 56. Kb3 Ra1 57. Kc2 e3 58. Rf6+ Ke2 59. b6 Ra2+ 60. Kb3 Rd2 61. b7 Rd8
62. Rb6 Rb8  1/2-1/2

[Event "British Chess Championships 2023: PM Tournament U1450"]
[Site "The Venue, De Montfort University, 20 Western Boulevard, Leicester, LE2 7BU"]
[Date "2023.07.28"]
[Round "5"]
[Board "2"]
[White "Miles, Barry S"]
[Black "Finlay, Liam"]
[Result "1-0"]
[WhiteElo "1407"]
[BlackElo "1256"]
[PlyCount "73"]
[EventDate "2023.07.24"]
[EventRounds "6"]
[EventCountry "ENG"]

1. d4 d5 2. c4 e6 3. Nc3 Nf6 4. Nf3 Be7 5. h3 Nbd7 6. Bf4 O-O 7. Nb5 Bb4+ 8. Bd2
Bxd2+ 9. Nxd2 a6 10. Nc3 c6 11. c5 Qe7 12. e3 e5 13. Be2 Re8 14. O-O e4 15. b4 Nf8
16. a4 Bd7 17. b5 axb5 18. axb5 Ne6 19. b6 h6 20. Re1 Nh7 21. Nf1 f5 22. f4 g5 23.
g3 gxf4 24. exf4 Rxa1 25. Qxa1 Nxd4 26. Bh5 Rf8 27. Nxd5 Qxc5 28. Ne7+ Qxe7 29. Qxd4
Rd8 30. Rd1 Nf6 31. Be2 Kf8 32. Ne3 Qg7 33. Nxf5 Bxf5 34. Qxd8+ Kf7 35. Qc7+ Nd7
36. Rxd7+ Bxd7 37. Qxd7+  1-0

[Event "British Chess Championships 2023: PM Tournament U1450"]
[Site "The Venue, De Montfort University, 20 Western Boulevard, Leicester, LE2 7BU"]
[Date "2023.07.28"]
[Round "5"]
[Board "3"]
[White "Kelly, Martin"]
[Black "Revitt, Ian"]
[Result "1/2-1/2"]
[WhiteElo "1429"]
[BlackElo "1417"]
[PlyCount "70"]
[EventDate "2023.07.24"]
[EventRounds "6"]
[EventCountry "ENG"]

1. e4 c5 2. Nf3 Nc6 3. d4 cxd4 4. Nxd4 e5 5. Nb5 a6 6. Nd6+ Bxd6 7. Qxd6 Qe7 8. Qd1
Nf6 9. Nc3 d6 10. Bg5 Be6 11. Bxf6 gxf6 12. Nd5 Bxd5 13. Qxd5 Qe6 14. Qxe6+ fxe6
15. Bc4 Ke7 16. O-O b5 17. Be2 Nd4 18. Bd3 Rac8 19. c3 Nc6 20. a4 Rb8 21. axb5 axb5
22. Ra6 Kd7 23. f4 exf4 24. Rxf4 Rhf8 25. Ra1 Rb7 26. Raf1 Ne5 27. Be2 Ke7 28. Rh4
Rf7 29. Bh5 Rg7 30. Rhf4 Nd7 31. Rg4 Rxg4 32. Bxg4 Ne5 33. Be2 Nc4 34. Rd1 Nxb2 35.
Rb1 Na4  1/2-1/2

[Event "British Chess Championships 2023: PM Tournament U1450"]
[Site "The Venue, De Montfort University, 20 Western Boulevard, Leicester, LE2 7BU"]
[Date "2023.07.28"]
[Round "5"]
[Board "4"]
[White "Belur, Ashwin"]
[Black "Brown, Stephanie"]
[Result "1-0"]
[WhiteElo "992"]
[BlackElo "1406"]
[PlyCount "141"]
[EventDate "2023.07.24"]
[EventRounds "6"]
[EventCountry "ENG"]

1. e4 e6 2. d3 d5 3. exd5 exd5 4. Be2 Bd6 5. Nf3 Nc6 6. a3 a5 7. O-O Bg4 8. Nbd2
Qf6 9. c4 Nge7 10. cxd5 Nxd5 11. Ne4 Qe7 12. Nxd6+ Qxd6 13. Re1 O-O 14. Qc2 Nf6 15.
Be3 Qd5 16. Qc5 Qxc5 17. Bxc5 Rfe8 18. h3 Bh5 19. g4 Bg6 20. Nh4 b6 21. Be3 Rad8
22. Nxg6 fxg6 23. Rac1 Ne5 24. d4 Ned7 25. Bg5 c5 26. dxc5 Nxc5 27. Be3 Nd3 28. Bxd3
Rxd3 29. Bxb6 Rxh3 30. Rxe8+ Nxe8 31. Bxa5 Nf6 32. Rc8+ Kf7 33. Rc7+ Kg8 34. Kg2
Rb3 35. Rc2 Nxg4 36. Bc3 Nf6 37. Re2 Nd5 38. Be5 Nb6 39. Re3 Rxe3 40. fxe3 Nc4 41.
Bd4 Kf7 42. Kf3 h5 43. a4 h4 44. Kg4 g5 45. b4 Ke7 46. b5 Kd7 47. e4 Na5 48. Bxg7
Ke6 49. Bd4 Nb7 50. b6 Kd6 51. Be3 Ke5 52. Bxg5 Kxe4 53. Bxh4 Kd3 54. Kf4 Kc4 55.
Be1 Kc5 56. a5 Kb5 57. Ke5 Ka6 58. Kd5 Nd8 59. Kd6 Nb7+ 60. Kc6 Nd8+ 61. Kc7 Nb7
62. Bb4 Nd8 63. Kxd8 Kb7 64. Ke7 Kc6 65. Ke6 Kb7 66. Kd5 Ka8 67. Kc4 Kb7 68. Kb5
Ka8 69. Ka6 Kb8 70. b7 Kc7 71. Ka7  1-0

[Event "British Chess Championships 2023: PM Tournament U1450"]
[Site "The Venue, De Montfort University, 20 Western Boulevard, Leicester, LE2 7BU"]
[Date "2023.07.28"]
[Round "5"]
[Board "5"]
[White "Walsh, Shaun"]
[Black "Walker, Heather Enid"]
[Result "0-1"]
[WhiteElo "1323"]
[BlackElo "1213"]
[PlyCount "60"]
[EventDate "2023.07.24"]
[EventRounds "6"]
[EventCountry "ENG"]

1. e4 Nf6 2. e5 Nd5 3. d4 d6 4. c4 Nb6 5. exd6 exd6 6. Nc3 c6 7. Bd3 Be7 8. Qc2 g6
9. Bh6 N6d7 10. O-O-O Nf6 11. Re1 b6 12. Bg5 Be6 13. d5 cxd5 14. cxd5 Nxd5 15. Nxd5
Bxg5+ 16. Kb1 O-O 17. Nc3 Re8 18. Nf3 Bf6 19. h4 Nc6 20. h5 Bg7 21. hxg6 h6 22. gxf7+
Bxf7 23. Bg6 Qd7 24. Bd3 Nb4 25. Qd2 Nxd3 26. Qxd3 Rac8 27. Rc1 Rcd8 28. Nd4 Qg4
29. Nde2 Bg6 30. Ne4 Bxe4  0-1

[Event "British Chess Championships 2023: PM Tournament U1450"]
[Site "The Venue, De Montfort University, 20 Western Boulevard, Leicester, LE2 7BU"]
[Date "2023.07.28"]
[Round "5"]
[Board "6"]
[White "Cox, R David"]
[Black "Fong, Po-Yu"]
[Result "0-1"]
[WhiteElo "1319"]
[BlackElo "1066"]
[PlyCount "94"]
[EventDate "2023.07.24"]
[EventRounds "6"]
[EventCountry "ENG"]

1. e4 c5 2. d4 cxd4 3. c3 dxc3 4. Nxc3 e6 5. Nf3 f6 6. Bc4 Qa5 7. O-O a6 8. a3 b5
9. Ba2 Nc6 10. Bd2 Qc7 11. Qe2 Bd6 12. Be3 Rb8 13. b4 Nge7 14. Rac1 O-O 15. Rfd1
Ng6 16. h3 Nf4 17. Qd2 Be5 18. Nxe5 fxe5 19. Bc5 Nd4 20. Bxf8 Kxf8 21. Kf1 Qd8 22.
Qe3 Qf6 23. Rd2 a5 24. Bb1 Nb3 25. Rdc2 Nxc1 26. Rxc1 axb4 27. axb4 Qe7 28. Na2 g6
29. Qf3 Ke8 30. Bd3 Ba6 31. Kg1 d5 32. Kh2 Rb6 33. Rc5 Bb7 34. Bxb5+ Kf8 35. Bd3
dxe4 36. Bxe4 Ra6 37. Bxb7 Rxa2 38. g3 Kg7 39. gxf4 Qh4 40. fxe5 Rxf2+ 41. Kg1 Rxf3
42. Rc7+ Kh6 43. Bxf3 Qg3+ 44. Bg2 Qe3+ 45. Kh1 Qe1+ 46. Kh2 Qxe5+ 47. Kg1 Qxc7  0-1

[Event "British Chess Championships 2023: PM Tournament U1450"]
[Site "The Venue, De Montfort University, 20 Western Boulevard, Leicester, LE2 7BU"]
[Date "2023.07.29"]
[Round "6"]
[Board "1"]
[White "Vyas, Rayaan"]
[Black "Miles, Barry S"]
[Result "0-1"]
[WhiteElo "1213"]
[BlackElo "1407"]
[PlyCount "74"]
[EventDate "2023.07.24"]
[EventRounds "6"]
[EventCountry "ENG"]

1. e4 c5 2. c3 d5 3. exd5 Qxd5 4. Nf3 Nf6 5. Na3 Bf5 6. d4 e6 7. Be3 a6 8. Bd3 Be7
9. h3 O-O 10. O-O Bxd3 11. Qxd3 Nc6 12. Rfd1 Rfd8 13. Nc4 Qe4 14. Nb6 Qxd3 15. Rxd3
Rab8 16. Rad1 cxd4 17. Nxd4 Ne5 18. R3d2 Ne4 19. Re2 Rd6 20. Na4 b5 21. Bf4 f6 22.
b4 Rd5 23. Rde1 Nd3 24. Bxb8 Nxe1 25. Rxe1 Nxc3 26. Nxc3 Rxd4 27. Rxe6 Bxb4 28. Ne2
Rd2 29. Ng3 Rxa2 30. Bd6 Bxd6 31. Rxd6 b4 32. Rb6 a5 33. Rb5 Ra3 34. Ne4 b3 35. Nc3
a4 36. Rb4 b2 37. Nb1 Ra2 $138  0-1

[Event "British Chess Championships 2023: PM Tournament U1450"]
[Site "The Venue, De Montfort University, 20 Western Boulevard, Leicester, LE2 7BU"]
[Date "2023.07.29"]
[Round "6"]
[Board "2"]
[White "Dunne, David C"]
[Black "Kelly, Martin"]
[Result "1-0"]
[WhiteElo "1448"]
[BlackElo "1429"]
[PlyCount "53"]
[EventDate "2023.07.24"]
[EventRounds "6"]
[EventCountry "ENG"]

1. e4 e5 2. Nf3 Nc6 3. Bb5 a6 4. Ba4 Nf6 5. O-O b5 6. Bb3 Be7 7. c3 d5 8. exd5 Nxd5
9. d4 exd4 10. Nxd4 Na5 11. Bc2 Bb7 12. Nd2 O-O 13. N2f3 Nf6 14. Re1 Re8 15. Bg5
Nd5 16. Qd3 g6 17. h4 Bxg5 18. Nxg5 Nf4 19. Qg3 Nd5 20. h5 Qd6 21. hxg6 fxg6 22.
Qh3 h5 23. Re6 Rxe6 24. Ngxe6 Bc8 25. Bxg6 c5 26. Qxh5 Nf6 27. Bf7#  1-0

[Event "British Chess Championships 2023: PM Tournament U1450"]
[Site "The Venue, De Montfort University, 20 Western Boulevard, Leicester, LE2 7BU"]
[Date "2023.07.29"]
[Round "6"]
[Board "3"]
[White "Finlay, Liam"]
[Black "Belur, Ashwin"]
[Result "1-0"]
[WhiteElo "1256"]
[BlackElo "992"]
[PlyCount "93"]
[EventDate "2023.07.24"]
[EventRounds "6"]
[EventCountry "ENG"]

1. e4 e5 2. Nc3 d6 3. Bc4 Be7 4. d3 Nd7 5. f4 Ndf6 6. Nf3 h6 7. fxe5 dxe5 8. Nxe5
Be6 9. Bxe6 fxe6 10. Ng6 Rh7 11. e5 Nd5 12. Nxd5 exd5 13. Qh5 Kd7 14. Qf5+ Ke8 15.
O-O Nf6 16. exf6 gxf6 17. Qe6 Rf7 18. Bxh6 Qd7 19. Qxf7+ Kxf7 20. Ne5+ Ke8 21. Nxd7
Kxd7 22. Rae1 Rh8 23. Bg7 Rh7 24. Bxf6 Bc5+ 25. d4 Bd6 26. Be5 Be7 27. Rf2 Kc8 28.
Bf6 Bd6 29. Be5 Be7 30. Rfe2 b6 31. Bxc7 Bf6 32. Be5 Be7 33. Rf1 Bg5 34. Bf4 Bf6
35. Be3 Bg7 36. Rf7 Kd8 37. Rxa7 Ke8 38. Bh6+ Kf8 39. Bxg7+ Rxg7 40. Rxg7 Kxg7 41.
Re5 Kf7 42. Rxd5 Ke7 43. h4 Ke6 44. h5 Kxd5 45. h6 Kxd4 46. h7 Ke3 47. h8=Q  1-0

[Event "British Chess Championships 2023: PM Tournament U1450"]
[Site "The Venue, De Montfort University, 20 Western Boulevard, Leicester, LE2 7BU"]
[Date "2023.07.29"]
[Round "6"]
[Board "4"]
[White "Walker, Heather Enid"]
[Black "Singh, Avyanna"]
[Result "0-1"]
[WhiteElo "1213"]
[BlackElo "1246"]
[PlyCount "76"]
[EventDate "2023.07.24"]
[EventRounds "6"]
[EventCountry "ENG"]

1. e4 e5 2. Nf3 Nc6 3. Bc4 Bc5 4. O-O Nf6 5. Nc3 d6 6. d3 Bg4 7. h3 Bh5 8. a3 a6
9. Qe2 Nd4 10. Qd1 Nxf3+ 11. gxf3 Qd7 12. Be3 Qxh3 13. Bxc5 Bxf3 14. Qxf3 Qxf3 15.
Be3 Ng4 16. Nd1 Qh3 17. Re1 Nh2 18. f4 Qg3+ 19. Kh1 Qxe1+ 20. Kxh2 exf4 21. Bxf4
Qh4+ 22. Kg2 Qxf4 23. Nc3 h5 24. Rf1 Qg4+ 25. Kh2 f6 26. Nd5 O-O-O 27. Nf4 Kb8 28.
Be6 Qh4+ 29. Nh3 g5 30. Kg2 g4 31. Nf4 Qg5 32. Bf5 h4 33. c4 h3+ 34. Kh1 g3 35. Ne6
g2+ 36. Kg1 h2+ 37. Kf2 gxf1=Q+ 38. Kxf1 Qd2  0-1

[Event "British Chess Championships 2023: PM Tournament U1450"]
[Site "The Venue, De Montfort University, 20 Western Boulevard, Leicester, LE2 7BU"]
[Date "2023.07.29"]
[Round "6"]
[Board "5"]
[White "Revitt, Ian"]
[Black "Brown, Stephanie"]
[Result "0-1"]
[WhiteElo "1417"]
[BlackElo "1406"]
[PlyCount "68"]
[EventDate "2023.07.24"]
[EventRounds "6"]
[EventCountry "ENG"]

1. e4 c5 2. Nc3 Nc6 3. Nf3 d6 4. d4 cxd4 5. Nxd4 Nf6 6. a3 Qb6 7. Nxc6 bxc6 8. Be2
Ba6 9. O-O Bxe2 10. Qxe2 g6 11. e5 dxe5 12. Qxe5 Qb8 13. Qxb8+ Rxb8 14. Rb1 Bg7 15.
Re1 e6 16. Bf4 Rd8 17. Rbd1 O-O 18. Be3 Nd5 19. Nxd5 cxd5 20. c3 a6 21. Bd4 Bxd4
22. Rxd4 Rb8 23. Re2 Rb7 24. Rb4 Rxb4 25. axb4 Rc8 26. Rd2 f6 27. f3 Kf7 28. Kf2
Ke7 29. Ke3 Kd6 30. b3 Rxc3+ 31. Rd3 Rxd3+ 32. Kxd3 Kc6 33. Kd4 Kb5 34. Kc3 e5  0-1

[Event "British Chess Championships 2023: PM Tournament U1450"]
[Site "The Venue, De Montfort University, 20 Western Boulevard, Leicester, LE2 7BU"]
[Date "2023.07.29"]
[Round "6"]
[Board "6"]
[White "Cox, R David"]
[Black "Walsh, Shaun"]
[Result "1-0"]
[WhiteElo "1319"]
[BlackElo "1323"]
[PlyCount "81"]
[EventDate "2023.07.24"]
[EventRounds "6"]
[EventCountry "ENG"]

1. e4 e6 2. Nf3 d5 3. e5 c5 4. b4 Nc6 5. bxc5 Bxc5 6. d4 Be7 7. c3 Bd7 8. Bd3 Nh6
9. a4 Nf5 10. Na3 O-O 11. O-O Rc8 12. Nc2 Na5 13. Ne3 Rxc3 14. Nxf5 exf5 15. Bc2
Qc7 16. Ra2 Rc8 17. Ne1 f6 18. Bf4 Qd8 19. f3 Qb6 20. Rf2 Qd8 21. Bc1 Qe8 22. f4
b6 23. Rf3 R3c4 24. Be3 Nc6 25. Bb3 Rb4 26. h3 Na5 27. Bc2 Rbc4 28. Kh2 Bb4 29. Rf2
Bxe1 30. Qxe1 Bxa4 31. Bd3 Rb4 32. Qxb4 Bd7 33. Rfc2 Nc6 34. Qe1 Qe7 35. Qf1 Nb4
36. Rxc8+ Bxc8 37. Ra1 a5 38. Bb5 Bd7 39. Bxd7 Qxd7 40. Bd2 Nc2 41. Rb1  1-0